[Event "Regionalliga SW 1213"]
[Site "Bayern"]
[Date "2013.04.14"]
[Round "9.3"]
[White "Schreiber, Roland"]
[Black "Dehlinger, Alexander"]
[Result "1/2-1/2"]
[WhiteElo "2026"]
[BlackElo "2243"]
[PlyCount "97"]
[EventDate "2012.10.14"]
[EventType "team-tourn"]
[EventRounds "9"]
[EventCountry "GER"]
[SourceTitle "EXT 2015"]
[Source "ChessBase"]
[SourceDate "2014.11.20"]
[SourceVersion "1"]
[SourceVersionDate "2014.11.20"]
[SourceQuality "1"]
[WhiteTeam "Kaufbeuren"]
[BlackTeam "Garching II"]
[WhiteTeamCountry "GER"]
[BlackTeamCountry "GER"]

1. d4 Nf6 2. c4 e6 3. g3 d5 4. Nf3 Bb4+ 5. Bd2 Be7 6. Bg2 0-0 7. Qc2 c6 8. 0-0 b6 9. b3 Ba6 10. Rd1 Nbd7 11. Ne5 Rc8 12. h3 c5 13. Nxd7 Qxd7 14. dxc5 Bxc5 15. Bc3 Qe7 16. Nd2 b5 17. Qb2 bxc4 18. b4 Rb8 19. Qa3 d4 20. bxc5 dxc3 21. Qxa6 cxd2 22. Qxc4 Rfd8 23. Qc2 Rb5 24. Rxd2 Rxd2 25. Qxd2 Rxc5 26. Rb1 g6 27. Bf3 Kg7 28. Kg2 e5 29. e3 Rc7 30. Rb2 Qc5 31. a4 Nd7 32. a5 Qe7 33. Bd5 Nf6 34. e4 Qd6 35. Qd3 Rc5 36. Rb5 Nxd5 37. exd5 Rc7 38. Qb3 Rd7 39. Qc4 Rc7 40. Qb3 Rd7 41. Rb7 Qxd5+ 42. Qxd5 Rxd5 43. Rxa7 Rd2 44. Kf3 h5 45. h4 Ra2 46. Ra6 Ra4 47. Ke3 Ra3+ 48. Ke4 Ra2 49. Ke3 1/2-1/2

[Event "Regionalliga SW 1213"]
[Site "Bayern"]
[Date "2012.12.09"]
[Round "4.4"]
[White "Schreiber, Roland"]
[Black "Popovici, Stefan"]
[Result "1/2-1/2"]
[WhiteElo "2026"]
[BlackElo "1940"]
[PlyCount "57"]
[EventDate "2012.10.14"]
[EventType "team-tourn"]
[EventRounds "9"]
[EventCountry "GER"]
[SourceTitle "EXT 2015"]
[Source "ChessBase"]
[SourceDate "2014.11.20"]
[SourceVersion "1"]
[SourceVersionDate "2014.11.20"]
[SourceQuality "1"]
[WhiteTeam "Kaufbeuren"]
[BlackTeam "MSA Zugzwang II"]
[WhiteTeamCountry "GER"]
[BlackTeamCountry "GER"]

1. d4 Nf6 2. c4 c5 3. d5 e6 4. Nc3 exd5 5. cxd5 d6 6. Nf3 g6 7. Nd2 Nbd7 8. g3 h5 9. h4 Ne5 10. Bg2 Bg4 11. 0-0 Qd7 12. Kh2 g5 13. Nde4 Nxe4 14. Nxe4 Be7 15. Bxg5 Bxg5 16. Nxg5 0-0-0 17. Qc2 Kb8 18. a4 Rde8 19. f3 f6 20. Nh3 Qg7 21. Ra3 Rhg8 22. fxg4 Nxg4+ 23. Kh1 Ne3 24. Rxe3 Rxe3 25. Rf3 Rxf3 26. exf3 Qxg3 27. Qf2 Qe5 28. Qd2 Qg3 29. Qf2 1/2-1/2

[Event "Regionalliga SW 1213"]
[Site "Bayern"]
[Date "2012.11.25"]
[Round "3.4"]
[White "Schuette, Manfred"]
[Black "Schreiber, Roland"]
[Result "1-0"]
[WhiteElo "2208"]
[BlackElo "2026"]
[PlyCount "95"]
[EventDate "2012.10.14"]
[EventType "team-tourn"]
[EventRounds "9"]
[EventCountry "GER"]
[SourceTitle "EXT 2015"]
[Source "ChessBase"]
[SourceDate "2014.11.20"]
[SourceVersion "1"]
[SourceVersionDate "2014.11.20"]
[SourceQuality "1"]
[WhiteTeam "Bayern Muenchen III"]
[BlackTeam "Kaufbeuren"]
[WhiteTeamCountry "GER"]
[BlackTeamCountry "GER"]

1. d4 Nf6 2. Nf3 g6 3. b3 Bg7 4. Bb2 0-0 5. e3 d5 6. Bd3 b6 7. 0-0 Bb7 8. c4 e6 9. Nc3 Nbd7 10. Qc2 Rc8 11. Rfd1 c6 12. Qe2 Qc7 13. Rac1 dxc4 14. Bxc4 Rfd8 15. e4 Qb8 16. e5 Ne8 17. Ng5 Nf8 18. f4 Rc7 19. Ba3 h6 20. Nf3 Nd7 21. Be7 Rdc8 22. Bd6 Rd8 23. Bxc7 Nxc7 24. Ne4 b5 25. Bd3 Nd5 26. g3 Bf8 27. Nc5 a6 28. Nd2 Nxc5 29. dxc5 Qa7 30. Ne4 a5 31. Qf2 b4 32. Bc4 Kg7 33. Nd6 Ba6 34. Bxd5 exd5 35. f5 gxf5 36. Nxf5+ Kg8 37. Rd4 Bc8 38. Rg4+ Kh8 39. Qf4 Be6 40. Rh4 Bxf5 41. Qxf5 Bg7 42. e6 fxe6 43. Qxe6 Qd7 44. Rxh6+ Bxh6 45. Qxh6+ Kg8 46. Rf1 Qg7 47. Qe6+ Kh8 48. Rf6 1-0

[Event "Regionalliga SW 1112"]
[Site "Bayern"]
[Date "2012.04.15"]
[Round "9.4"]
[White "Klenk, Robert"]
[Black "Schreiber, Roland"]
[Result "0-1"]
[WhiteElo "2054"]
[BlackElo "1951"]
[PlyCount "132"]
[EventDate "2011.10.02"]
[EventType "team-tourn"]
[EventRounds "9"]
[EventCountry "GER"]
[SourceTitle "EXT 2015"]
[Source "ChessBase"]
[SourceDate "2014.11.20"]
[SourceVersion "1"]
[SourceVersionDate "2014.11.20"]
[SourceQuality "1"]
[WhiteTeam "Bayern Muenchen III"]
[BlackTeam "Kaufbeuren"]
[WhiteTeamCountry "GER"]
[BlackTeamCountry "GER"]

1. d4 Nf6 2. c4 g6 3. Nc3 Bg7 4. e4 d6 5. Nf3 0-0 6. Be2 Nc6 7. d5 Nb8 8. h3 c6 9. 0-0 a6 10. Re1 Nbd7 11. Bf1 Qc7 12. Bf4 Ne8 13. Rc1 c5 14. Qd2 Ne5 15. Nxe5 dxe5 16. Be3 Nd6 17. f3 Bd7 18. a4 Rac8 19. Ra1 a5 20. Bg5 f6 21. Be3 b6 22. Bd3 Rf7 23. f4 f5 24. fxe5 Bxe5 25. exf5 Bxf5 26. Nb5 Nxb5 27. Bxf5 Rxf5 28. axb5 Rcf8 29. Qe2 Qd6 30. Rf1 Qf6 31. Rxf5 Qxf5 32. Bh6 Rf7 33. Re1 Bg3 34. Rd1 Rf6 35. Rd3 Be5 36. Bc1 Bd4+ 37. Kh2 Qf1 38. Qxf1 Rxf1 39. Be3 Bxb2 40. g3 Be5 41. Kg2 Rf5 42. Bh6 Bd6 43. g4 Rf6 44. Re3 Kf7 45. Re4 Ke8 46. Bg5 Rf7 47. h4 Kd7 48. Re6 Rf8 49. Bh6 Ra8 50. Kf3 a4 51. Re2 a3 52. Ra2 Ra4 53. h5 Be5 54. hxg6 hxg6 55. Ke4 Bb2 56. Kd3 Ra8 57. Kc2 Rh8 58. g5 Rh7 59. Rxb2 axb2 60. Kxb2 Rf7 61. Kc3 e6 62. dxe6+ Kxe6 63. Kd3 Ke5 64. Ke3 Rf5 65. Bg7+ Ke6 66. Bh6 Rf1 0-1

[Event "Regionalliga SW 1112"]
[Site "Bayern"]
[Date "2011.12.11"]
[Round "4.5"]
[White "Rassl, Bernhard"]
[Black "Schreiber, Roland"]
[Result "0-1"]
[WhiteElo "1951"]
[BlackElo "1951"]
[PlyCount "52"]
[EventDate "2011.10.02"]
[EventType "team-tourn"]
[EventRounds "9"]
[EventCountry "GER"]
[SourceTitle "EXT 2013"]
[Source "ChessBase"]
[SourceDate "2012.11.22"]
[SourceVersion "1"]
[SourceVersionDate "2012.11.22"]
[SourceQuality "1"]
[WhiteTeam "Haar"]
[BlackTeam "Kaufbeuren"]
[WhiteTeamCountry "GER"]
[BlackTeamCountry "GER"]

1. e4 c5 2. c3 d6 3. d4 Nd7 4. f4 g6 5. Nf3 Bg7 6. Bc4 e6 7. 0-0 Ne7 8. dxc5 Nxc5 9. Re1 0-0 10. b4 Nxe4 11. Rxe4 d5 12. Bxd5 Nxd5 13. Ne5 b6 14. Ba3 Bb7 15. Rd4 b5 16. Bb2 Qc7 17. c4 bxc4 18. Rxc4 Qe7 19. Qe1 Rac8 20. g3 Rxc4 21. Nxc4 Bxb2 22. Nxb2 Nxb4 23. Qf2 Qc7 24. Nd2 Qc6 25. Kf1 Rd8 26. a3 Qh1+ 0-1

[Event "Regionalliga SW 9495"]
[Site "Bayern"]
[Date "1995.??.??"]
[Round "?.5"]
[White "Drexel, Michael"]
[Black "Schreiber, Roland"]
[Result "0-1"]
[WhiteElo "2075"]
[BlackElo "1840"]
[PlyCount "134"]
[EventDate "1994.10.??"]
[EventType "team-tourn"]
[EventRounds "9"]
[EventCountry "GER"]
[SourceTitle "EXT 1999"]
[Source "ChessBase"]
[SourceDate "1998.11.16"]
[SourceVersion "1"]
[SourceVersionDate "1998.11.16"]
[SourceQuality "1"]
[WhiteTeam "Muenchen RT"]
[BlackTeam "Kaufbeuren"]
[WhiteTeamCountry "GER"]
[BlackTeamCountry "GER"]

1. d4 Nf6 2. c4 g6 3. Nc3 Bg7 4. e4 d6 5. Be2 0-0 6. Be3 e5 7. Nf3 Nc6 8. d5 Ne7 9. Nd2 Ne8 10. c5 f5 11. f3 f4 12. Bf2 Rf7 13. Rc1 Bf8 14. Nc4 g5 15. Qb3 Ng6 16. cxd6 cxd6 17. Nb5 a6 18. Nba3 b5 19. Nb6 Rb8 20. Nxc8 Rxc8 21. 0-0 h5 22. Nc2 Rg7 23. Nb4 Ra8 24. Rc2 Nh4 25. Rfc1 g4 26. Bxh4 Qxh4 27. Qc3 Nf6 28. Qe1 g3 29. h3 Raa7 30. Rc6 a5 31. Na6 Ng4 32. fxg4 hxg4 33. Bxg4 Rxg4 34. R1c3 b4 35. Rf3 Rgg7 36. Qe2 Qh7 37. Rc8 Rxa6 38. Qxa6 Qxe4 39. Qd3 Qxd3 40. Rxd3 e4 41. Rd4 Re7 42. Rd8 Rc7 43. Kf1 Rc1+ 44. Ke2 f3+ 45. gxf3 g2 46. Rxe4 Re1+ 47. Kxe1 g1Q+ 48. Ke2 Qg2+ 49. Kd3 Qxf3+ 50. Re3 Qxd5+ 51. Ke2 Qc4+ 52. Kf3 Qf1+ 53. Ke4 Kh7 54. Rf3 Qe1+ 55. Kf5 Qe5+ 56. Kg4 Bg7 57. Rf4 Qe2+ 58. Kf5 Qh5+ 59. Ke4 Qxh3 60. Rxd6 Qg2+ 61. Kf5 Qc2+ 62. Kg4 Qxb2 63. Rf3 Qg2+ 64. Rg3 Qe4+ 65. Kh3 Be5 66. Rd7+ Kh6 67. Re7 Qh1+ 0-1

[Event "Regionalliga SW 9495"]
[Site "Bayern"]
[Date "1994.??.??"]
[Round "?.5"]
[White "Schreiber, Roland"]
[Black "Stoppa, Detlef"]
[Result "1/2-1/2"]
[WhiteElo "1840"]
[BlackElo "1900"]
[PlyCount "44"]
[EventDate "1994.10.??"]
[EventType "team-tourn"]
[EventRounds "9"]
[EventCountry "GER"]
[SourceTitle "EXT 1999"]
[Source "ChessBase"]
[SourceDate "1998.11.16"]
[SourceVersion "1"]
[SourceVersionDate "1998.11.16"]
[SourceQuality "1"]
[WhiteTeam "Kaufbeuren"]
[BlackTeam "Obermenzing"]
[WhiteTeamCountry "GER"]
[BlackTeamCountry "GER"]

1. d4 Nf6 2. c4 c5 3. d5 b5 4. cxb5 a6 5. bxa6 Bxa6 6. g3 d6 7. Nh3 g6 8. Nf4 Bg7 9. h4 Nbd7 10. Qc2 Nb6 11. Nc3 Rb8 12. Bg2 0-0 13. h5 Qe8 14. hxg6 hxg6 15. Be4 Nxe4 16. Nxe4 Qa4 17. b3 Qd4 18. Rb1 Nxd5 19. Bb2 Qb4+ 20. Kf1 Nxf4 21. gxf4 Bb7 22. f3 Bxe4 1/2-1/2